Impact of European Structural and Investment Funds on the Slovak Economy

Vplyv európskych štrukturálnych a investičných fondov na ukazovatele hospodárstva na Slovensku medzi rokmi 2007 a 2021.

Salvato in:
Dettagli Bibliografici
Autore principale: Jánošková, Kristína, 1995-
Natura: Capitolo di libro
Lingua:inglese
Soggetti:
Tags: Aggiungi Tag
Nessun Tag, puoi essere il primo ad aggiungerne!!

MARC

LEADER 00000naa$a2200000$$$4500
001 0299497
005 20240502074537.2
041 0 |a eng 
044 |a SK 
245 1 0 |a Impact of European Structural and Investment Funds on the Slovak Economy  |c Kristína Jánošková 
520 |a Vplyv európskych štrukturálnych a investičných fondov na ukazovatele hospodárstva na Slovensku medzi rokmi 2007 a 2021. 
610 2 0 |a Európska únia 
610 2 0 |a fondy investičné 
610 2 0 |a fondy štruktúrne 
610 2 0 |a rast hospodársky 
610 2 0 |a analýzy 
610 2 0 |a analýza regresná 
610 2 0 |a analýza korelačná 
610 2 0 |a Slovensko 
100 1 |a Jánošková, Kristína, 1995-